000
00334nam a2200145Ia 4500
100
_a
Boudreau/Tim
942
_c
BK
366
_f
17.5
654
_a
client
245
_a
Rich client programming plugging in the Net beans platform
260
_b
Pearson Education
_c
2007
082
_a
5.133
_b
BOU
300
_a
604
546
_a
ENGLISH
999
_c
31269
_d
31269